000 00654nam a2200229 a 4500
008
020 _a0471899828 (pbk.)
049 _aMAIN
090 _aHB139
_bVER
100 1 _aVerbeek, Marno.
245 1 0 _aA guide to modern econometrics /
_cMarno Verbeek.
260 _aWest Sussex :
_bJohn Wiley and Sons,
_cc2000.
300 _axii, 385p. :
_bill. ;
_c24 cm.
500 _aIncludes index.
504 _aIncludes bibliographic references.
650 1 _aEconometrics.
907 _a.b10318902
_b21-10-13
_c26-09-12
003
005 20230123125450.0
040 _cNUST
942 _cBOOKS
_kHB139
_mVER
999 _c141987
_d141987